000 00631nam a2200181 i 4500
001 38364
003 ES-MaACL
005 20250531063023.0
007 t|
008 030225s1956 sp ||||1| spa d
100 1 _aCabezas, Juan Antonio,
_d1900-1993
_933200
245 1 0 _aAsturias
_b: biografía de una región /
_cJuan Antonio Cabezas.
260 _aMadrid :
_bEspasa-Calpe,
_c1956 (
_eVitoria :
_fHeraclio Fournier)
300 _a622 p., 4 lám. :
_b1 gráf. pleg., il. ;
_c21 cm.
651 4 _aAsturias (Comunidad Autónoma)-
_xDescripción.
_97830
852 _aES-MaACL
_jC-11338
_bR.39432
999 _c38364
_d38364